| 000 | 01417nam a2200421 c 4500 | ||
|---|---|---|---|
| 001 | 9927 | ||
| 003 | ES-MaCES | ||
| 005 | 20141221122036.0 | ||
| 008 | 991210s1999 sp t o000 | spa d | ||
| 017 |
_aM-36888-1999 _bDL |
||
| 020 | _a8488533411 | ||
| 035 | _aCES19990019628m | ||
| 040 |
_aES-MaCES _bspa _cES-MaCES |
||
| 100 | 1 |
_aOllero Tassara, Andrés _919934 |
|
| 245 | 1 | 0 |
_a1979-1999, 20 años de cambios trascendentales en la sociedad española _cAndrés Ollero Tassara, Juan Velarde Fuertes, Emilio de Ybarra y Churruca |
| 260 |
_aMadrid _bInstituto de Estudios Económicos _c[1999] |
||
| 300 |
_a52 p. _c21 cm |
||
| 490 | 1 | _aPunto de vista | |
| 541 | _cGratuito | ||
| 650 | 4 |
_asociedad _927269 |
|
| 650 | 4 |
_aEstado _927203 |
|
| 650 | 4 |
_acambio social _927286 |
|
| 650 | 4 |
_adirección política _927240 |
|
| 650 | 4 |
_adesarrollo político _929225 |
|
| 650 | 4 |
_adesarrollo social _929239 |
|
| 650 | 4 |
_apolítica social _927029 |
|
| 650 | 4 |
_apolítica económica _927025 |
|
| 650 | 4 |
_aEspaña _926964 |
|
| 650 | 4 |
_a1979-1999 _931501 |
|
| 653 | 1 | 0 | _aCiencias Sociales-Políticas |
| 700 | 1 |
_aVelarde Fuertes, Juan _925645 |
|
| 700 | 1 |
_aYbarra y Churruca, Emilio de _926437 |
|
| 710 | 2 |
_aInstituto de Estudios Económicos (Madrid) _eed. _94156 |
|
| 830 | 0 |
_aPunto de vista _932239 |
|
| 902 | _aDOC Literatura gris | ||
| 942 |
_2CES _cBK _h7.0. |
||
| 999 |
_c9927 _d9927 |
||